| Tag |
First Indicator |
Second Indicator |
Subfields |
| LEADER |
00000cam a2200000 a 4500 |
| 001 |
in00000967708 |
| 005 |
20171111063927.0 |
| 007 |
hd afb017baca |
| 007 |
hd bfb017baaa |
| 008 |
870713r19841662miu a 00010 eng d |
| 035 |
|
|
|a (OCoLC)16162565
|
| 035 |
|
|
|9 AEV4166AM
|
| 037 |
|
|
|a CL0037000057
|b University Microfilms International
|
| 037 |
|
|
|b University Microfilms International, 300 N. Zeeb Rd., Ann Arbor, MI 48106
|
| 040 |
|
|
|a EAE
|c EAE
|d UMI
|d UtOrBLW
|
| 043 |
|
|
|a e-ie---
|
| 045 |
|
|
|a u-u-
|
| 049 |
|
|
|a TXAI
|
| 090 |
|
|
|a DA944.5
|b .I73
|
| 099 |
|
|
|a film
|a B
|a 3609
|
| 110 |
1 |
|
|a Ireland.
|b Lords Justices and Council.
|
| 245 |
1 |
0 |
|a Whereas there was an ordinance made by the late general convention of this kingdom, assembled by His Majesties authority, intituled, an Ordinance for the Speedy Raising of Moneys for His Majesties Service ... /
|c by the Lords Justices and Council, Mau. Eustace, canc., Orrery.
|
| 264 |
|
3 |
|a Dublin :
|b Printed by John Crook ... and are to be sold by Samuel Dancer ...,
|c 1661 [1662]
|
| 300 |
|
|
|a 1 broadside.
|
| 336 |
|
|
|a text
|b txt
|2 rdacontent
|
| 337 |
|
|
|a microform
|b h
|2 rdamedia
|
| 338 |
|
|
|a microfilm reel
|b hd
|2 rdacarrier
|
| 500 |
|
|
|a Title from first 4 lines of text.
|
| 500 |
|
|
|a Statement of responsibility transposed from head of title.
|
| 500 |
|
|
|a "Given at the Council-chamber in Dublin, the 13. day of February, 1661" [1662]
|
| 500 |
|
|
|a Reproduction of original in the Society of Antiquaries Library, London.
|
| 510 |
4 |
|
|a Wing
|c I946
|
| 533 |
|
|
|a Microfilm.
|b Ann Arbor, Mich. :
|c University Microfilms International,
|d 1984.
|e 1 microfilm reel ; 35 mm.
|f (Early English books, 1641-1700 ; 1595:61)
|
| 500 |
|
|
|a Microform.
|
| 651 |
|
0 |
|a Ireland
|x History
|y 1649-1775.
|
| 651 |
|
0 |
|a Ireland
|x Politics and government
|y 17th century.
|
| 650 |
|
0 |
|a Fraud
|z Ireland.
|
| 650 |
|
0 |
|a Tax collection
|z Ireland.
|
| 700 |
1 |
|
|a Eustace, Maurice,
|c Sir,
|d approximately 1590-1661.
|
| 700 |
1 |
|
|a Boyle, Roger,
|c Earl of Orrery,
|d 1621-1679.
|
| 740 |
0 |
|
|a By the Lords Justices, Mau. Eustace, canc., Orrery.
|
| 830 |
|
0 |
|a Early English books, 1641-1700 ;
|v 1595:61.
|
| 999 |
|
|
|a MARS
|
| 999 |
f |
f |
|s f1d07f82-0261-3c58-aa52-95aaff7e797e
|i 4816a2a2-493d-3918-8fce-ae070a8257a4
|t 0
|
| 952 |
f |
f |
|p default
|a Texas A&M University
|b College Station
|c Sterling C. Evans Library
|d Evans: Microforms (3rd floor)
|t 0
|e film B 3609 1595:61
|h Other scheme
|i microform -- microfilm reel
|
| 998 |
f |
f |
|a film B 3609 1595:61
|t 0
|l Evans: Microforms (3rd floor)
|